00281nam a2200109Ia 4500008004100000041001200041100001900053245006100072260002200133300000800155650000800163221030s9999 xx 000 0 und d aEnglish aGovt. of J & K 0a1974 Supplement; The Laws of ( J & K)cby Govt. of J & K bJ & K Govt.c1974 a141 aLaw